000
00267nam a2200109Ia 4500
001
1276050
005
20260417160440.0
008
260417s9999 xx 000 0 und d
020
_a
9786256495333
245
0
_a
Hadi
_c
Zeynep Betül Özaltın
260
_b
Ketebe Çocuk
999
_c
1276050
_d
1276050